000 01034nam a2200253Ia 4500
001 23834
003 GE_BSU
008 181216s||||||||xx |||||||||||||| ||und||
040 _cGE_BSU
080 _a94(479.22)
100 _aჯანაშია, სიმონ
245 _aშრომები. 3.
250 _aსაქ. სსრ მეცნ. აკად., ივ. ჯავახიშვილის სახ. ისტორიის ინ-ტი.
260 _aთბილისი
260 _bსაქ. სსრ მეცნ. აკად. გამ-ბა
260 _c1959
300 _a368 გვ. 22სმ.
300 _eბიბლ. გვ. 363-367. დანართი:"საძიებლები" გვ. 311-362.
520 _aპარალ. სათ. რუს. ენ.
541 _h3 ლ.
653 _aქართული ისტორიოგრაფია; საქართველოს ისტორია
653 _aშრომები. 3.
942 _cBK
999 _c56712
_d56712